000 00999cam a2200289 4500
999 _c127148
_d127148
001 3636744
003 ARRUPE
005 20171025121628.0
008 701231s1970 nyu 000 1 eng
010 _a 75133620
040 _aDLC
_cDLC
_dDLC
_dOCoLC
_dDLC
041 1 _aeng
_hfre
043 _af-sg---
_afw-----
050 0 0 _aPR-537-1
082 0 0 _a843
_219
100 1 _aSembène, Ousmane,
_d1923-2007.
_9205
240 1 0 _aBouts de bois de Dieu.
_lEnglish
245 1 0 _aGod's bits of wood.
_cTranslated by Francis Price. Introd. by A. Adu Boahen.
260 _aGarden City, N.Y.,
_bAnchor Books,
_c1970.
300 _a360 p.
_c18 cm.
350 _a$1.95
500 _aTranslation of Les bouts de bois de Dieu.
650 0 _aStrikes and lockouts
_xRailroads
_zAfrica, West
_xHistory
_vFiction.
_937261
651 0 _aSenegal
_vFiction.
_937262
655 7 _aHistorical fiction.
_2gsafd
_937263
906 _a7
_bcbc
_corignew
_d2
_encip
_f19
_gy-gencatlg
942 _2lcc
_cMONOGRAPH